00267nam a2200097Ia 4500008004100000082001200041100003400053245006300087260000600150300001300156190415s9999 xx 000 0 und d aRI.002; aIndia. National Commission on 0aTeachers in higher education : Social Status / D.N. Sinha. c0 a49, 56p.